000 00610nam a2200217Ia 4500
003 OSt
005 20221006151955.0
006 a|||||r|||| 00| 0
007 ta
008 221006b |||||||| |||| 00| 0 eng d
024 _a24,093
037 _bGift, Japan Foundation
_cTextual
040 _aEASL
_cEASL
_beng
041 _2eng
_aeng
100 _aTSURUMI E Patricia Ed.
_9660453
245 0 _aOther Japan
_b Postwar rialities
260 _aNew York
_bM.E. Sharpe
_c1988
300 _a164p.
_ccm.
942 _cTEXL
_2CC
999 _c1092179
_d1092179